Plan de reforma de la patología general y su clínica (Record no. 157611)

MARC details
000 -LEADER
campo de control de longitud fija 00753nam a22001815i 4500
001 - NÚMERO DE CONTROL
campo de control 157611
003 - IDENTIFICADOR DE NÚMERO DE CONTROL
campo de control ES-MaACL
005 - FECHA Y HORA DE LA ÚLTIMA TRANSACCIÓN
campo de control 20240530062942.0
008 - DATOS DE LONGITUD FIJA--INFORMACIÓN GENERAL
campo de control de longitud fija 000505s1878 sp |||| | spa d
040 ## - FUENTE DE CATALOGACIÓN
Centro catalogador/agencia de origen CAM
Lengua de catalogación spa
Centro/agencia transcriptor CAM
100 1# - ENTRADA PRINCIPAL--NOMBRE DE PERSONA
Nombre de persona Letamendi, José de,
Fechas asociadas al nombre 1828-1897
9 (RLIN) 71873
245 10 - MENCIÓN DEL TÍTULO
Título Plan de reforma de la patología general y su clínica
Resto del título : así en el concepto de institucion médica como en el de asignatura académica /
Mención de responsabilidad, etc. su autor J. de Letamendi.
260 ## - PUBLICACIÓN, DISTRIBUCIÓN, ETC.
Lugar de publicación, distribución, etc. Madrid :
Nombre del editor, distribuidor, etc. [s.n.],
Fecha de publicación, distribución, etc. 1878 (
Fabricante Imprenta de Aurelio J. Alaria)
300 ## - DESCRIPCIÓN FÍSICA
Extensión 221 p. ;
Dimensiones 22 cm.
650 #4 - PUNTO DE ACCESO ADICIONAL DE MATERIA--TÉRMINO DE MATERIA
Término de materia o nombre geográfico como elemento de entrada Patología.
9 (RLIN) 15884
852 ## - LOCALIZACIÓN
Ubicación ES-MaACL
Número de control de estantería T-252-F-4
Nota libre -- Enc. hol.
condición física -- Falto de la cub. original
Nota libre -- Enc. en un vol. facticio
Holdings
Estatus retirado Estado de pérdida Estado de daño No para préstamo Colección Biblioteca de origen Biblioteca actual Ubicación en estantería Fecha de adquisición Total de préstamos Signatura topográfica completa Código de barras Visto por última vez Precio de reemplazo Tipo de ítem Koha
        Colección de folletos Biblioteca del Ateneo de Madrid Biblioteca del Ateneo de Madrid Depósito folletos 17/01/2008   T-252-F-4 1164934 23/02/2023 23/02/2023 Folleto